00774nam a22001937a 4500003000400000005001700004008004100021020001800062040000600080082002000086100002300106245012800129260003900257300002200296650010500318942001800423999001500441952012400456OSt20260414103000.0260414b |||||||| |||| 00| 0 eng d a9781138342453 cn a711.4 A673 2020 aArchibugi, Franco  aThe Ecological City and the City Effect: Essays on the Urban Planning Requirements for the Sustainable /cFranco Archibugi. bRoutledge, London & New York, 2020 a243 pages, 22 cm. aUrban planning; ecological city; sustainable urban development; environmental planning; city design. 2ddccBK-ENn0 c8870d8870 00102ddc4070aCENTRALbTUWAIQd2026-04-14l0o711.4 A673 2020p1000000029177r2026-04-14 10:31:13w2026-04-14yBK-EN